000
00293nam a2200121Ia 4500
008
220216s9999 xx 000 0 und d
100
_a
Veeraputhran S
245
0
_a
Indian TSR: Challenges and opportunities
260
_b
Rubber Asia
_c
2011
300
_a
102-104
650
_a
TSR
942
_c
JS
999
_c
61106
_d
61106